Click to Kill the Bond Villain #3 - Statistics

General Stats
  • This quiz has been taken 2,629 times
  • The average score is 6 of 10
Answer Stats
Hint Answer % Correct
Squeezed to death between two limbs of a tree (and liked it?)
Xenia Onatopp
67%
Killed in a fall from the Golden Gate Bridge
Max Zorin
62%
Ground up in an industrial grinder for cocaine
Dario
60%
Strangled while fighting Bond on the Orient Express
Red Grant
57%
Shot in the dining room of his underwater citadel, Atlantis
Karl Stromberg
55%
Spear-gunned in the back by Domino
Emilio Largo
52%
Shot by guards while running after Octopussy's circus train
General Orlov
51%
Sent flying into his plane's jet turbine over Korea
Gustav Graves
50%
Ground to pieces with a giant drill on his stealth ship
Elliot Carver
49%
Shot by Bond after using his six bullets in service of Dr. No
Professor Dent
48%
No matching quizzes found
Score Distribution
Percent of People with Each Score
Percentile by Number Answered
Your Score History
You have not taken this quiz